Costa Rica: un mapa de carencias críticas para el año 2000 /
Guardat en:
| Autor principal: | |
|---|---|
| Autor corporatiu: | |
| Altres autors: | |
| Format: | Actes de congresos |
| Accés en línia: | http://populi.eest.ucr.ac.cr |
| Etiquetes: |
Afegir etiqueta
Sense etiquetes, Sigues el primer a etiquetar aquest registre!
|
MARC
| LEADER | 00000 a a2200000 04500 | ||
|---|---|---|---|
| 001 | 44970 | ||
| 003 | |||
| 040 | |||
| 100 | |a Méndez Fonseca, Floribel | ||
| 245 | |a Costa Rica: |b un mapa de carencias críticas para el año 2000 / |c Floribel Méndez Fonseca ; Juan DiegoTrejos Solórzano | ||
| 500 | |a Estructuras económica, sociales y políticas: Parte II | ||
| 700 | |a Trejos Solórzano, Juan Diego | ||
| 711 | |a Simposio Costa Rica a la luz del Censo del 2000(5-6 de agosto del 2000) | ||
| 773 | |g páginas 205-233 | ||
| 856 | |u http://populi.eest.ucr.ac.cr | ||
| 999 | |c 38074 |d 38074 | ||
